'P' Film Characters Quiz Stats

Quiz Updated Jul 12, 2015

Challenge
Share
Tweet
Score 0/20 Timer 04:00
9 Plays Today
picture name % Correct
Peter Parker (Spider-Man)
92.2%
Puss In Boots (Shrek series)
88.6%
Pocahontas (Pocahontas)
88.4%
The Penguin (Batman Returns)
79.4%
Pippi Longstocking (New Adventures of...)
75.5%
Peewee Herman (Peewee's Big Adventure)
72.9%
Precious (Precious)
70.6%
Pumbaa (The Lion King)
67.1%
Peeta Mellark (Hunger Games)
62.2%
Pedro (Napoleon Dynamite)
60.6%
picture name % Correct
Padmé (Star Wars prequels)
56.4%
The Predator (Predator)
56.4%
Pan (Pan's Labyrinth)
54.6%
Pinhead (Hellraiser)
53.8%
Pepper Potts (Iron Man)
51.5%
Percy Jackson (Percy Jackson & The Olympians)
45.8%
Mr. Pink (Reservoir Dogs)
43.3%
Patrick Bateman (American Psycho)
40.6%
Penny Lane (Almost Famous)
36.9%
Patches O'Houlihan (Dodgeball)
26%

You're not logged in!

Compare scores with friends on all Sporcle quizzes.
Join for Free
OR
Log In

You Might Also Like...

Show Comments

Extras

Top Quizzes Today


Score Distribution

Your Account Isn't Verified!

In order to create a playlist on Sporcle, you need to verify the email address you used during registration. Go to your Sporcle Settings to finish the process.

Report this User

Report this user for behavior that violates our Community Guidelines.

Details: